- Ornelas, Carlos
Entry Nombre Personal
001 - NUMERO DE CONTROL
- campo de control: 35818
003 - IDENTIFICADOR DE NUMERO DE CONTROL
- campo de control: DLC
005 - FECHA Y HORA DE LA ÜLTIMA TRANSACCIÓN
- campo de control: 20220401091409.0
008 - DATOS DE LONGITUD FIJA
- campo de control de longitud fija: 220401n| acannaabn |a aaa
010 ## - NÚMERO DE CONTROL DE LA BIBLIOTECA DEL CONGRESO
- Número de control LC: n 91039732
- Número de Control LC Cancelado/inválido: no2011049243
040 ## - FUENTE DE CATALOGACIÓN
- Agencia original de catalogación: DLC
- Lenguaje de catalogación: spa
- Agencia de transcripción: DLC
- Agencia que lo modifica: DLC
- Agencia que lo modifica: MX-MxUPN
100 1# - ENCABEZAMIENTO - NOMBRE PERSONAL
- Nombre personal: Ornelas, Carlos
372 ## - CAMPO DE ACTIVIDAD
- Field of activity: Docencia
373 ## - GRUPO ASOCIADO
- Associated group: Universidad Autónoma Metropolitana. Unidad Xochimilco
374 ## - OCUPACIÓN
- Occupation: Profesor universitario
375 ## - GÉNERO
- Gender: masculino
377 ## - LENGUA ASOCIADA
- Language code: spa
400 1# - VEÁSE - NOMBRE DE PERSONA
- Personal name: Ornelas, Charles
400 1# - VEÁSE - NOMBRE DE PERSONA
- Personal name: Ornelas Navarro, Carlos
400 1# - VEÁSE - NOMBRE DE PERSONA
- Personal name: Navarro, Carlos Ornelas
670 ## - FUENTE EN LA QUE SE LOCALIZARON DATOS
- Cita de la fuente: Superación académica y reforma universitaria, 1989:
- Información localizada: portada (Carlos Ornelas) página ix (professor of education and communication, U. Autónoma Metropolitana-Xochimilco; doctorate in philosophy, Stanford; fulbright scholar, Harvard, 1986-87)
670 ## - FUENTE EN LA QUE SE LOCALIZARON DATOS
- Cita de la fuente: Decolonizing the interpretation of the Chicano political experience, 1975:
- Información localizada: portada (Charles Ornelas)
670 ## - FUENTE EN LA QUE SE LOCALIZARON DATOS
- Cita de la fuente: La metafísica de la eficiencia, 1991:
- Información localizada: portada (Carlos Ornelas Navarro)
670 ## - FUENTE EN LA QUE SE LOCALIZARON DATOS
- Cita de la fuente: Durango 70, 2010:
- Información localizada: portada (Carlos Ornelas Navarro) página 4 de la cubierta (professor of education and communication, Universidad Autónoma Metropolitana, Xochimilco)
902 ## - CATALOGADOR
- Catalogador: NDAF/220401
